Geography Quiz

Random Geography or City Quiz

Most Populous US Cities on a Map (A-Z) Quiz Stats

 Plays Quiz Updated Aug 28, 2015

Also try: Greenest US Cities
Challenge
Share
Tweet
Score 0/26 Timer 05:00
7 Plays Today
% Correct
Chicago
96.9%
Dallas
96.8%
Austin
95.9%
Boston
95.5%
Los Angeles
95%
Houston
94.4%
Indianapolis
92.6%
New York
92.4%
Oklahoma City
92.2%
Philadelphia
90.9%
Kansas City
90.7%
Jacksonville
90.1%
Raleigh
85.1%
% Correct
San Antonio
84.2%
El Paso
81.2%
Fort Worth
80.1%
Washington
79.7%
Memphis
78.6%
Tucson
72.2%
Virginia Beach
67.7%
Yonkers
61.3%
Greensboro
54.3%
Quincy
44.4%
Xenia
21.1%
Zanesville
19.6%
Upland
8.7%

You're not logged in!

Compare scores with friends on all Sporcle quizzes.
Join for Free
OR
Log In

You Might Also Like...

Show Comments

Extras

Top Quizzes Today


Score Distribution

Your Account Isn't Verified!

In order to create a playlist on Sporcle, you need to verify the email address you used during registration. Go to your Sporcle Settings to finish the process.

Report this User

Report this user for behavior that violates our Community Guidelines.

Details: